| 000 | 01035nam a2200301Ia 4500 | ||
|---|---|---|---|
| 003 | OSt | ||
| 005 | 20221006155945.0 | ||
| 006 | a|||||r|||| 00| 0 | ||
| 007 | ta | ||
| 008 | 221006b |||||||| |||| 00| 0 eng d | ||
| 020 |
_a9780415323291 _c _195.00 |
||
| 024 | _a43,938 | ||
| 037 |
_bGift, KCC (Window on Korea) _cTextual |
||
| 040 |
_aEASL _cEASL _beng |
||
| 041 |
_2eng _aeng |
||
| 082 | _aX8(A):275.495, P4 | ||
| 100 |
_aKim Hyung-A _9671227 |
||
| 245 | 0 |
_aKorea's development under Park Chung Hee _b Rapid industrialization, 1961-79 |
|
| 260 |
_aLondon _bRoutledge _c2004 |
||
| 300 |
_a280p. _ccm. |
||
| 490 |
_v KEL _aRoutledge/ Asian studies Association of Australia (ASAA) East Asia series |
||
| 650 | _a KEL | ||
| 650 |
_a Korea - South - Economic policy _9649943 |
||
| 650 |
_a Presidents - Korea - South _9671228 |
||
| 650 |
_aKorea - South - Politics and government _9653925 |
||
| 942 |
_hX8(A):275.495, P4 _cTEXL _2CC |
||
| 999 |
_c1112030 _d1112030 |
||